000 01095nam a2200289 i 4500
001 114725
003 ES-MaACL
005 20250828090939.0
007 t|
008 070322s1952 sp ||||1| spa d
080 _a929 Francisco Javier, Santo (0:82)
080 _a821.134.2-31"19"
100 1 _aAdro Xavier,
_918481
_d1910-1998
245 1 0 _aHuellas en la arena :
_bSan Xavier en la India, impresiones de viaje /
_cAdro Xavier.
260 _aMadrid :
_bSociedad de Educación Atenas,
_c[1952]
300 _a252 p., 6 lám. ;
_c20 cm.
490 1 _aColección Bombay ;
_v1
594 _aAdro Xavier: seud. de Alejandro Rey-Stolle Pedrosa.
600 0 4 _aFrancisco Javier
_c, Santo-
_vNovelas
_952198
710 2 _aSociedad de Educación Atenas
_96665
830 1 _aColección Bombay ;
_v1
_9185779
852 _aES-MaACL
_jD-6267
_bR.32017
_bR.M.5862
_cSVI
_dOlim: A-71
_fSello en tinta azul de la Biblioteca del Ateneo de Madrid
_9119029
942 _2udc
_cMONOGRAFIA
999 _c114725
_d114725